La vocation de savant (Record no. 129326)

MARC details
000 -LEADER
campo de control de longitud fija 00538nam a2200169 i 4500
001 - NÚMERO DE CONTROL
campo de control 129326
003 - IDENTIFICADOR DE NÚMERO DE CONTROL
campo de control ES-MaACL
005 - FECHA Y HORA DE LA ÚLTIMA TRANSACCIÓN
campo de control 20230906193459.0
007 - CAMPO FIJO DE DESCRIPCIÓN FÍSICA--INFORMACIÓN GENERAL
campo de control de longitud fija t|
008 - DATOS DE LONGITUD FIJA--INFORMACIÓN GENERAL
campo de control de longitud fija 070612s1929 fr ||||1| fre d
080 ## - NÚMERO DE LA CLASIFICACIÓN DECIMAL UNIVERSAL
Número de la Clasificación Decimal Universal 1(04)
100 1# - ENTRADA PRINCIPAL--NOMBRE DE PERSONA
Nombre de persona Termier, Pierre.
9 (RLIN) 109755
245 13 - MENCIÓN DEL TÍTULO
Título La vocation de savant
Resto del título : suite de A la gloire de la terre et de la joie de connaitre, souvenirs d'un géologue /
Mención de responsabilidad, etc. Pierre Termier.
260 ## - PUBLICACIÓN, DISTRIBUCIÓN, ETC.
Lugar de publicación, distribución, etc. París :
Nombre del editor, distribuidor, etc. Desclée de Brouwer,
Fecha de publicación, distribución, etc. 1929.
300 ## - DESCRIPCIÓN FÍSICA
Extensión 263 p. ;
Dimensiones 21 cm.
852 ## - LOCALIZACIÓN
Ubicación ES-MaACL
Número de control de estantería B-9269
Sublocalización o colección R.19263
Holdings
Estatus retirado Estado de pérdida Estado de daño No para préstamo Biblioteca de origen Biblioteca actual Ubicación en estantería Fecha de adquisición Fuente de adquisición Total de préstamos Signatura topográfica completa Código de barras Visto por última vez Precio de reemplazo Tipo de ítem Koha
        Biblioteca del Ateneo de Madrid Biblioteca del Ateneo de Madrid Sala Pardo Bazán 17/01/2008     B-9269 1134677 23/02/2023 23/02/2023 Libro impreso